000 00514nam a2200193Ia 4500
003 OSt
005 20250205144729.0
008 210210b1981 xxu||||| |||| 00| 0 eng d
040 _cAL
041 _aKannada
082 _aK894.3 CHHS
100 _aCHHAYADEVI NANJAPPA.
_9138860
_dಛಾಯಾದೇವಿ ನಂಜಪ್ಪ
245 _aSangama
_bಸಂಗಮ
260 _aBengaluru
_bPradipa Prakashana
_c1981
300 _aiv,151
690 _aKannada Fiction
_9138861
906 _a035937
942 _2ddc
_cBK
999 _c86572
_d86572